000 00721 a2200217 4500
999 _c1490
_d1490
020 _a9780077328702 (alk. paper)
020 _a0077328701 (alk. paper)
050 0 0 _aHF5635. WIL 2012
100 _aWiliams, Jan R
245 0 0 _aFinancial accounting /
_cJan R. Williams ... [et al.].
250 _a15th ed.
264 _aNew York:
_bMcGraw hill.,
_c2012
300 _a1 v. (various paging) : 719 pages
_bill. (chiefly col.) ;
500 _aIncludes index.
650 0 _aAccounting.
700 _aHaka Susan
700 _aBettner Mark S
700 _aCarcello., Joseph
942 _2lcc
_cBK
_e15
_h5635
_iWIL
_kHF